000 01241nac a22003857a 4500
001 BR8206566
003 BR-BrBNA
005 20240105115539.0
008 230509b bl.|||m| |||| 00| 0 por d
040 _aBR-BrBNA
_bpor
_cBiblioteca Nacional de Agricultura
072 _aP10; F23
090 _aP10 BR8206566
100 1 _aVieira, L.S.
100 1 _aLopes, D.N.
100 1 _aVieira, M. de N.F.
100 1 _aCosta, M.F. da
100 1 _aReis, C.M.
100 1 _aPereira, L.C.
100 1 _aValente, M.A.
100 1 _aCarvalho, A.L. de
110 1 _aInstituto do Desenvolvimento Economico-Social do Para, Belem (Brasil)
245 1 _aOs solos da bacia do Rio Camara, Ilha de Marajo, Para [Brasil]
260 3 _aBelem, PA (Brasil):
_c1982.
300 _a128 p.
490 _aSerie Monografias - Instituto do Desenvolvimento Economico-Social do Para (Brazil)
_vno. 22
_x
500 _aBibliography p. 125-128 (72 ref.); 4 Maps (scale 1:50,000); 8 illus.; Summaries (En, Pt)
650 _aSOLO
650 _aLATOSSOLO
650 _aSOLO HIDROMORFICO
650 _aBACIA HIDROGRAFICA
650 _aILHA DE MARAJO
650 _aPARA
909 _a202312
_bLúcia Elande
_c55
_dLúcia Elande
942 _2AGRIS
_n0
_cMS
999 _c275264
_d275264